=LDR 00000nam 2200000 4500 =001 INLIS000000000009161 =005 20130612100959 =008 ***********************************Ind** =035 ##$$0010-061300000009161 =041 ##$$a Ind =082 ##$$a 2x3 =090 ##$$a 2x3, Jau-z =100 ##$$a Al-Jauziyah, Ibnul Qoyyim =245 ##$$a Membersihkan hati dari gangguan setan, Ibnul Qoyyim Al-Jauzah =260 ##$$a 2001 $b Jakarta =300 ##$$a 126 hlm, 21 cm =650 ##$$a Aqaid =850 ##$$a NBPNMAT